| 000 | 01311cam a22003974a 4500 | ||
|---|---|---|---|
| 001 | muse82409 | ||
| 003 | MdBmJHUP | ||
| 005 | 20210127151450.0 | ||
| 006 | m o d | ||
| 007 | cr||||||||nn|n | ||
| 008 | 720420s1966 mdu o 00 0 eng d | ||
| 010 | _z 66016037 | ||
| 020 | _a9781421437026 | ||
| 020 | _z9781421437019 | ||
| 035 | _a(OCoLC)1131891202 | ||
| 040 |
_aMdBmJHUP _cMdBmJHUP |
||
| 050 | 0 | 4 |
_aPS3537.T4753 _bZ625 1966 |
| 082 | 0 | _a811.52 | |
| 100 | 1 | _aDoggett, Frank A. | |
| 245 | 1 | 0 |
_aStevens' Poetry of Thought _cby Frank Doggett. |
| 264 | 1 | _bJohns Hopkins Press | |
| 264 | 3 | _bProject MUSE, | |
| 300 | _a1 online resource (xiii, 223 p.) | ||
| 504 | _aBibliographical footnotes. | ||
| 506 | 0 |
_aOpen Access _fUnrestricted online access _2star |
|
| 588 | _aDescription based on print version record. | ||
| 600 | 1 | 1 |
_aStevens, Wallace, _d1879-1955 _xCriticism and interpretation. |
| 655 | 7 |
_aElectronic books. _2local |
|
| 710 | 2 |
_aProject Muse. _edistributor |
|
| 830 | 0 | _aBook collections on Project MUSE. | |
| 856 | 4 | 0 |
_zFull text available: _uhttps://muse.jhu.edu/book/72147/ |
| 999 |
_c25860 _d25860 |
||